[Event "EU Union-ch U14 16th"]
[Site "Mureck"]
[Date "2018.08.09"]
[Round "9"]
[White "Genchev, Asparuh"]
[Black "Zdechovsky, Tobias"]
[Result "1/2-1/2"]
[WhiteElo "1212"]
[BlackElo "1613"]
[PlyCount "62"]
[EventDate "2018.08.01"]
[EventType "swiss"]
[EventRounds "9"]
[EventCountry "AUT"]
[SourceTitle "CBM 186 Extra"]
[Source "ChessBase"]
[SourceDate "2018.08.24"]
[SourceVersion "1"]
[SourceVersionDate "2018.08.24"]
[SourceQuality "1"]

1. e4 c5 2. c4 Nc6 3. g3 e5 4. Bg2 g6 5. d3 Bg7 6. Be3 d6 7. Ne2 a6 8. Nbc3 Nge7 9. Nd5 0-0 10. 0-0 f5 11. f4 Nd4 12. Rb1 a5 13. a3 Nec6 14. Nec3 Ne6 15. Nb5 Ncd4 16. Nbc3 Bd7 17. b4 a4 18. b5 Qa5 19. exf5 Nxf5 20. Bd2 exf4 21. Ne2 Qa7 22. Nexf4 Nfd4 23. Nxe6 Nxe6 24. Bh3 Rxf1+ 25. Qxf1 Rf8 26. Qg2 b6 27. Rf1 h6 28. Rxf8+ Nxf8 29. Bxd7 Nxd7 30. Qe4 Ne5 31. Bf4 Kh7 1/2-1/2

[Event "EU Union-ch U12 15th"]
[Site "Mureck"]
[Date "2017.08.07"]
[Round "6"]
[White "Bress, Aaron"]
[Black "Genchev, Asparuh"]
[Result "1-0"]
[WhiteElo "1727"]
[BlackElo "1271"]
[PlyCount "139"]
[EventDate "2017.08.02"]
[EventType "swiss"]
[EventRounds "9"]
[EventCountry "AUT"]
[SourceTitle "CBM 180 Extra"]
[Source "ChessBase"]
[SourceDate "2017.10.06"]
[SourceVersion "1"]
[SourceVersionDate "2017.10.06"]
[SourceQuality "1"]

1. e4 e5 2. Nf3 Nc6 3. Bb5 Bc5 4. 0-0 Qe7 5. c3 Nf6 6. d4 Bb6 7. Bxc6 dxc6 8. Nxe5 0-0 9. Re1 c5 10. b3 cxd4 11. cxd4 Rd8 12. Bb2 c5 13. d5 Re8 14. Nd2 Ba5 15. Rc1 Bxd2 16. Qxd2 Nxe4 17. Rxe4 f6 18. Rce1 Bf5 19. Nc6 Qxe4 20. Rxe4 Rxe4 21. Nd4 cxd4 22. Bxd4 Rae8 23. h3 Rd8 24. Bxa7 Be6 25. d6 Re5 26. Bb6 Rd5 27. Qxd5 Bxd5 28. Bxd8 Kf7 29. Bc7 Ke6 30. f3 g5 31. Kf2 f5 32. Ke3 g4 33. hxg4 fxg4 34. fxg4 Bxg2 35. a4 Bc6 36. Kf4 h6 37. Kg3 Bd7 38. Kh4 Kd5 39. g5 hxg5+ 40. Kxg5 Ke5 41. Kg6 Ke6 42. Kg7 Bc6 43. a5 Kd7 44. Kf6 Bd5 45. b4 Bc4 46. Ke5 Kc6 47. Kd4 Bf1 48. Ke5 Bc4 49. Bb6 Kd7 50. Kd4 Bf1 51. Kc5 Be2 52. Bc7 Bf1 53. Kb6 Bg2 54. b5 Bh1 55. Ka7 Kc8 56. a6 bxa6 57. bxa6 Bg2 58. Kb6 Bh1 59. Kc5 Bg2 60. Bb6 Kd7 61. Bc7 Bf1 62. Kb6 Bg2 63. Ka7 Bc6 64. Kb8 Be4 65. a7 Kc6 66. a8Q+ Kd7 67. Qa4+ Bc6 68. Qg4+ Ke8 69. Qg8+ Kd7 70. Qf7# 1-0

[Event "EU Union-ch U12 15th"]
[Site "Mureck"]
[Date "2017.08.03"]
[Round "2"]
[White "Stijve, Niels"]
[Black "Genchev, Asparuh"]
[Result "1-0"]
[WhiteElo "1685"]
[BlackElo "1271"]
[PlyCount "49"]
[EventDate "2017.08.02"]
[EventType "swiss"]
[EventRounds "9"]
[EventCountry "AUT"]
[SourceTitle "CBM 180 Extra"]
[Source "ChessBase"]
[SourceDate "2017.10.06"]
[SourceVersion "1"]
[SourceVersionDate "2017.10.06"]
[SourceQuality "1"]

1. e4 e5 2. Nf3 Nc6 3. d4 exd4 4. Nxd4 Nxd4 5. Qxd4 b6 6. Nc3 Nf6 7. Bg5 Bc5 8. Qe5+ Qe7 9. Bxf6 gxf6 10. Qxc7 Bd6 11. Qc4 Bb7 12. Nd5 Qe5 13. 0-0-0 Rc8 14. Qa4 0-0 15. Qxd7 Qxe4 16. Nxf6+ Kg7 17. Nxe4 Bxe4 18. Bd3 Bf4+ 19. Kb1 Bxd3 20. Rxd3 Kh8 21. Qd4+ f6 22. Qxf4 Rce8 23. Rd7 Kg8 24. Qg4+ Kh8 25. Qg7# 1-0